000 00361nam a2200145Ia 4500
008 210716s2015 xx 000 0 und d
020 _a9788131518205
041 _aeng
082 _a338.5 MANN
100 _aMankiw, N Gregory.
245 _aPrinciples of microeconomics.
250 _a6
260 _aNew Delhi
_bCengage Learning
_c2015
300 _axxiv,503
999 _c209638
_d209638